LEADER 00896nam0-2200313---450- 001 990009894180403321 005 20140911120704.0 010 $a9783161518966 035 $a000989418 035 $aFED01000989418 035 $a(Aleph)000989418FED01 035 $a000989418 100 $a20140911d2012----km-y0itay50------ba 101 0 $ager 102 $aDE 105 $ay-------001yy 200 1 $aLeveraged Buyout und Gläubigerschutz$fMartin Tasma 210 $aTübingen$cMohr Siebeck$d©2012 215 $aXVI, 478 p.$d24 cm 225 1 $aSchriften zum Unternehmens- und Kapitalmarktrecht$v3 676 $a346.4306626$v21$zita 700 1$aTasma,$bMartin$0523638 801 0$aIT$bUNINA$gRICA$2UNIMARC 901 $aBK 912 $a990009894180403321 952 $aVIII H 782$b56095*$fFGBC 959 $aFGBC 996 $aLeveraged Buyout und Gläubigerschutz$9829039 997 $aUNINA LEADER 01112nam0-2200337---450 001 990008302380403321 005 20230116102403.0 035 $a000830238 035 $aFED01000830238 035 $a(Aleph)000830238FED01 100 $a20060324d1981----km-y0itay50------ba 101 0 $aita 102 $aIT 105 $aa-------001yy 200 1 $aAlla scoperta dei dintorni di Napoli$edalle coste trasparenti ai borghi sconosciuti, dagli scavi antichi alle misteriose terre dei sanniti$fLuciano Zeppegno, Ciro Formisano$gcon 5 itinerari ecologici di Fulco Pratesi 210 $aRoma$cI Dioscuri$dc1981 215 $a188 p.$cill.$d21 cm 225 1 $aAlla scoperta$v7 610 0 $aNapoli $aGuide 700 1$aZeppegno,$bLuciano$011025 701 1$aFormisano,$bCiro$0500090 702 1$aPratesi,$bFulco$f<1934- > 801 0$aIT$bUNINA$gRICA$2UNIMARC 901 $aBK 912 $a990008302380403321 952 $aLEPORE 124$bLEPORE 124$fFARBC 952 $a02.162$b7488$fDARST 959 $aFARBC 959 $aDARST 996 $aAlla scoperta dei dintorni di Napoli$9745253 997 $aUNINA